|
|
|
|
| LEADER |
00000nam a22000007a 4500 |
| 005 |
20200422223939.0 |
| 007 |
cr|||| |||| |
| 008 |
200422c20209999mx n|w s|||| 0|||b1spa d |
| 035 |
|
|
|a 31505
|
| 040 |
|
|
|a vLex
|
| 090 |
|
|
|c 10344
|d 10344
|
| 245 |
0 |
0 |
|a COVID-19 Legal News
|h [Recurso electrn̤ico] /
|
| 256 |
|
|
|a Servicio en ln̕ea
|
| 260 |
|
|
|a Ciudad de Mx̌ico:
|b vLex Mx̌ico,
|c 2020 -
|
| 300 |
|
|
|a 1 recurso electrn̤ico
|
| 310 |
|
|
|a Irregular
|
| 362 |
|
|
|a Nð 1 (Abr. 2020) -
|
| 506 |
1 |
|
|a Disponible solo en los productos indicados
|d vLex Global
|d vLex Global (Academic Edition, excluding Law Schools)
|d vLex Global (U.S. Academic Edition, Law Schools)
|d vLex Global (U.S. Academic Edition, excluding Law Schools)
|d vLex Global (Academic Edition, Law Schools)
|
| 650 |
0 |
4 |
|a Derecho Pb︢lico y Administrativo
|z Mx̌ico
|
| 740 |
0 |
|
|a vLex Revistas (Servicio en ln̕ea)
|
| 856 |
4 |
0 |
|u http://vlex.com/source/new-legales-covid-19-31505
|z Acceso restringido
|
| 942 |
|
|
|c REV
|
| 999 |
0 |
|
|a Public and Administrative Law
|